Loading...
| Literature - World | 0 | 5 | 1 | 0 | 45 | 78 | 123.60 | 1 | 1 | 6.34 | 22.73 |
| Fine Arts - Other | 0 | 4 | 0 | 1 | 40 | 95 | 123.75 | 1 | 1 | 3.55 | 14.77 |
| Literature - British | 0 | 4 | 0 | 0 | 40 | 116 | 126.75 | 0 | 2 | 3.18 | 15.91 |
| Literature - European | 0 | 4 | 0 | 0 | 40 | 102 | 124.50 | 0 | 1 | 4.74 | 19.32 |
| Literature - American | 0 | 3 | 1 | 0 | 25 | 81 | 116.33 | 0 | 1 | 5.95 | 12.50 |
| Philosophy | 0 | 2 | 0 | 1 | 20 | 132 | 139.00 | 0 | 0 | 0.13 | 2.27 |
| Pop Culture | 0 | 2 | 0 | 2 | 20 | 131 | 131.50 | 0 | 0 | 0.30 | 10.00 |
| Fine Arts - Visual | 0 | 2 | 0 | 0 | 20 | 126 | 134.50 | 0 | 0 | 1.33 | 7.95 |
| History - American | 0 | 2 | 0 | 1 | 20 | 126 | 126.50 | 0 | 0 | 0.14 | 3.41 |
| History - European | 0 | 2 | 0 | 0 | 20 | 82 | 104.00 | 0 | 0 | 3.43 | 2.27 |
| Mythology | 0 | 2 | 0 | 0 | 20 | 92 | 109.00 | 0 | 0 | 2.83 | 6.25 |
| Fine Arts - Auditory | 0 | 1 | 0 | 0 | 10 | 131 | 131.00 | 0 | 0 | 0.07 | 2.27 |
| Religion | 0 | 1 | 0 | 0 | 10 | 132 | 132.00 | 0 | 0 | 0.15 | 5.00 |
| Science - Biology | 0 | 1 | 1 | 1 | 5 | 106 | 106.00 | 0 | 0 | 0.25 | 1.14 |
| Social Science | 0 | 1 | 1 | 0 | 5 | 124 | 124.00 | 0 | 0 | 0.24 | 2.50 |
| History - Other | 0 | 1 | 1 | 0 | 5 | 98 | 98.00 | 0 | 0 | 1.97 | 5.00 |
| History - World | 0 | 1 | 1 | 0 | 5 | 135 | 135.00 | 0 | 0 | 0.06 | 1.04 |
| Science - Chemistry | 0 | 0 | 0 | 0 | 0 | 0.00 | 0 | 0 | 0.00 | 0.00 | |
| Science - Physics | 0 | 0 | 0 | 0 | 0 | 0.00 | 0 | 0 | 0.00 | 0.00 | |
| Religion- | 0 | 0 | 1 | 0 | -5 | 0.00 | 0 | 0 | 0.15 | 5.00 |